|
|
|
|
| LEADER |
00000nam0a2200000 4500 |
| 001 |
177770 |
| 005 |
20231101223346.0 |
| 035 |
|
|
|a (RuTPU)RU\TPU\book\192744
|
| 090 |
|
|
|a 177770
|
| 100 |
|
|
|a 20100325d2005 m y0rusy50 ca
|
| 101 |
0 |
|
|a rus
|
| 102 |
|
|
|a RU
|
| 105 |
|
|
|a a j 001zy
|
| 200 |
1 |
|
|a Ферритовые материалы и компоненты магнитоэлектроники
|e практикум
|f Московский институт стали и сплавов ; под ред. Л. М. Летюка
|
| 210 |
|
|
|a Москва
|c Изд-во МИСиС
|d 2005
|
| 215 |
|
|
|a 155 с.
|c ил.
|
| 320 |
|
|
|a Библиогр.: с. 152.
|
| 330 |
|
|
|a Практикум по учебным дисциплинам специализации «Материалы и технология магнитоэлектроники» («Материаловедение магнитоэлектроники», «Технология производства изделий магнитоэлектроники», «Элементы и устройства магнитоэлектроники») включает комплект расчетно-практических задач и вопросов, способствующих формированию у студентов навыков практической оценки магнитных и технологических параметров материалов. Практикум отвечает требованиям квалифицированной характеристики в соответствии с учебным планом специальности 210104 (2001) «Микроэлектроника и твердотельная электроника».
|
| 606 |
1 |
|
|a Магнитоэлектроника
|2 stltpush
|3 (RuTPU)RU\TPU\subj\40910
|9 60740
|
| 610 |
1 |
|
|a ферриты
|
| 610 |
1 |
|
|a материаловедение
|
| 610 |
1 |
|
|a технология
|
| 610 |
1 |
|
|a магнитные элементы
|
| 610 |
1 |
|
|a магнитные устройства
|
| 610 |
1 |
|
|a расчетно-практические задачи
|
| 610 |
1 |
|
|a вопросы
|
| 610 |
1 |
|
|a практикумы
|
| 610 |
1 |
|
|a учебные пособия
|
| 610 |
1 |
|
|a типовые решения
|
| 675 |
|
|
|a 621.371(076)
|v 3
|
| 702 |
|
1 |
|a Летюк
|b Л. М.
|g Леонид Михайлович
|4 340
|
| 712 |
0 |
2 |
|a Московский государственный институт стали и сплавов (МИСиС)
|2 stltpush
|3 (RuTPU)RU\TPU\col\180
|
| 801 |
|
1 |
|a RU
|b 63413507
|c 20100325
|
| 801 |
|
2 |
|a RU
|b 63413507
|c 20130419
|g RCR
|
| 942 |
|
|
|c BK
|
| 959 |
|
|
|a 22/20100324
|d 1
|e 187,00
|f ЧЗТЛ:1
|